Úloha prokuratúr v netrestnej oblasti z pohľadu konferencií generálnych prokurátorov Európy

Bibliographic Details
Main Author: Šúrek, Slavomír (Author)
Format: Article
Language:Slovak
ISSN:1335-6461
Subjects:

MARC

LEADER 00000nab a2200000 a 4500
001 vtls009526260
003 SK-MaSNL
005 20260304205401.0
008 250506c2009 xo mr|p|||||||000 b|slo
015 |a SNBRB2009/05  |2 snkbucl 
035 |a (uuid)cf23e23d-dc85-4a6f-8031-576e15a74456 
035 |a urn:nbn:sk:snk-ab14in 
035 |a (urnnbn)urn:nbn:sk:snk:ar-003k58 
038 |a SNKBUCL 
040 |a SNKBUCL  |b slo  |c SNKBUCL  |e AACR2 
041 0 |a slo  |b eng 
044 |a xo  |c SK 
080 |a 347.964.2  |2 2001 
100 1 |a Šúrek, Slavomír  |4 aut  |9 500802 
245 1 0 |a Úloha prokuratúr v netrestnej oblasti z pohľadu konferencií generálnych prokurátorov Európy  |c Slavomír Šúrek 
504 |a Bibliogr. odkazy 
546 |a Res. angl. 
650 0 7 |a prokuratúra  |2 SNKPH  |9 28811 
650 0 7 |a konferencie  |2 SNKPH  |9 19221 
650 0 7 |a prokurátori  |2 SNKPH  |9 4530 
651 7 |a Európa  |2 snkbucl  |9 167569 
773 0 |t Justičná revue  |g Roč. 61, č. 4 (2009), s. 528-532  |x 1335-6461 
850 |a Slovenská národná knižnica 
852 |a Slovenská národná knižnica 
954 |a odborná, vedecká literatúra pôvodná (slovenská)  |2 lita 
958 |a article27 
958 |a OND 
958 |a SK 
958 |a NB 
958 |a EUIPO 
999 |c 3120590  |d 3122520